000 00520nam a2200169Ia 4500
008 090201s9999 xx 000 0 und d
010 _aKPL-54928
040 _bमराठी
041 _aमराठी
082 _a39312
_b54928
100 _aके वि बेलसरे
245 _aआनंद साधना
_cके वि बेलसरे
260 _c2004
_bत्रिदल प्रकाशन
300 _a207
_bमोठा
600 _aआनंद साधना
942 _cBOOK
999 _c236662
_d236662